Welcome to CU Library Online Public Access Catalogue (OPAC)

SET FREE TO STAY FREE (Record no. 7050)

MARC details
000 -LEADER
fixed length control field 00309nam a22001337a 4500
005 - DATE AND TIME OF LATEST TRANSACTION
control field 20250718130626.0
008 - FIXED-LENGTH DATA ELEMENTS--GENERAL INFORMATION
fixed length control field 250718b |||||||| |||| 00| 0 eng d
050 ## - LIBRARY OF CONGRESS CALL NUMBER
Classification number BS2680
Item number POL
100 ## - MAIN ENTRY--PERSONAL NAME
Personal name POLICE FLOYD
245 ## - TITLE STATEMENT
Title SET FREE TO STAY FREE
260 ## - PUBLICATION, DISTRIBUTION, ETC.
Place of publication, distribution, etc. USA
Date of publication, distribution, etc. 1983
300 ## - PHYSICAL DESCRIPTION
Extent iii, 171p
942 ## - ADDED ENTRY ELEMENTS (KOHA)
Source of classification or shelving scheme Library of Congress Classification
Koha item type Books
Suppress in OPAC No
999 ## -
-- 7050
-- 7050
Holdings
Withdrawn status Lost status Source of classification or shelving scheme Damaged status Not for loan Collection Home library Current library Shelving location Date acquired Total checkouts Full call number Barcode Date last seen Copy number Price effective from Koha item type
    Library of Congress Classification     Non-fiction Undergraduate Library (Christ Temple) Undergraduate Library (Christ Temple) General stacks 07/18/2025   BS2680 POL ulct00003958 07/18/2025 1 07/18/2025 Books
© 2023-2024 Copyright: Central University Libraries. All Rights Reserved | Created by: Mahone Tech Office